=LDR 00000nam 2200000 4500 =001 INLIS000000000035470 =005 20140417102315.0 =006 =007 =008 ind =035 ##$$a 0010-061300000035470 =041 ##$$a ind =082 ##$$a 813 =090 ##$$a 813, Bia b =100 ##$$a Bias =245 ##$$a Bias nuansa jingga, Bias =260 ##$$a 2008 $b Yogyakarta =300 ##$$a Xx,323 Hlm, 20 cm =650 ##$$a Fiksi Indonesia =850 ##$$a NBPNMAT =990 ##$$a 90892/BPAP-NTB/2014